A toleranciáról

Elmentve itt :
Bibliográfiai részletek
Szerző: PATAPIEVICI Horia-Roman
Adatforrás:Meister
Forrásdokumentuma:A Hét. -
35 sz., 1997, 5 p.
Nyelv:magyar
Kulcsszavak:filozófia
filozófiatörténet
művelődéstörténet
tolerancia
igazság
hatalom
erőszak
SPINOZA Baruch
VOLTAIRE Francois-Marie Arouet
GABLOT Edmond
LEADER 00603nab a2200229 i 4500
001 bibPRO00007190
008 060524s1997 xx hun
040 |a Sz1 
041 |a hun 
100 2 |a PATAPIEVICI Horia-Roman 
245 1 2 |a A toleranciáról  |c PATAPIEVICI Horia-Roman 
695 |a filozófia 
695 |a filozófiatörténet 
695 |a művelődéstörténet 
695 |a tolerancia 
695 |a igazság 
695 |a hatalom 
695 |a erőszak 
695 |a SPINOZA Baruch 
695 |a VOLTAIRE Francois-Marie Arouet 
695 |a GABLOT Edmond 
773 0 |t A Hét. -  |g 35 sz., 1997, 5 p.